[Event "Andalucia-ch"]
[Site "Lucena"]
[Date "2012.04.28"]
[Round "4"]
[White "Cruz Marques, Francisco Cesar"]
[Black "Ruiz Gutierrez, Manuel"]
[Result "1/2-1/2"]
[WhiteElo "1920"]
[BlackElo "2173"]
[PlyCount "77"]
[EventDate "2012.04.26"]
[EventType "swiss"]
[EventRounds "9"]
[EventCountry "ESP"]
[SourceTitle "EXT 2013"]
[Source "ChessBase"]
[SourceDate "2012.11.22"]
[SourceVersion "1"]
[SourceVersionDate "2012.11.22"]
[SourceQuality "1"]

1. e4 c5 2. Nf3 d6 3. g3 Nf6 4. d3 g6 5. Bg2 Bg7 6. 0-0 0-0 7. Nc3 Nc6 8. Re1 Bd7 9. Bd2 Rc8 10. Rb1 a6 11. Ne2 b5 12. h4 c4 13. Nf4 cxd3 14. Nxd3 Bg4 15. Bc3 Qc7 16. Qd2 Rfd8 17. a3 Bxf3 18. Bxf3 Ne5 19. Bg2 Nc4 20. Qe2 e5 21. Red1 h5 22. Nb4 Qa7 23. Bh3 Rc5 24. Nd3 Rc7 25. Nxe5 Re8 26. Nxc4 Rxc4 27. Bxf6 Bxf6 28. Bg2 Be5 29. c3 Bxg3 30. Rd3 Be5 31. Qf3 Re6 32. Qh3 Rf6 33. Rf3 Qe7 34. Rd1 Rxf3 35. Bxf3 Qf6 36. Rd3 Qf4 37. Rd1 Kg7 38. Kg2 Rc7 39. Qg3 1/2-1/2

[Event "ESP-ch Universities"]
[Site "Madrid"]
[Date "2008.05.10"]
[Round "8"]
[White "Cruz Marques, Francisco Cesar"]
[Black "Pina Sierra, Julia"]
[Result "0-1"]
[WhiteElo "1958"]
[BlackElo "2101"]
[PlyCount "96"]
[EventDate "2008.05.08"]
[EventType "swiss"]
[EventRounds "9"]
[EventCountry "ESP"]
[SourceTitle "CBM 124 Extra"]
[Source "ChessBase"]
[SourceDate "2008.07.03"]
[SourceVersion "1"]
[SourceVersionDate "2008.07.03"]
[SourceQuality "1"]

1. e4 c5 2. Nf3 d6 3. g3 Nc6 4. Bg2 g6 5. 0-0 Bg7 6. Re1 e5 7. c3 Nge7 8. a4 0-0 9. Na3 a6 10. Rb1 Rb8 11. h3 b5 12. b4 c4 13. d3 d5 14. dxc4 dxe4 15. Nd2 bxc4 16. Nxe4 Nd5 17. Qc2 Qc7 18. g4 Nce7 19. Nc5 a5 20. Nb5 Qb6 21. Be3 Nxe3 22. Rxe3 Nc6 23. Qe4 Nd8 24. Qxc4 Ne6 25. Rd3 Rd8 26. Rbd1 Bf8 27. Bd5 Kg7 28. Nxe6+ fxe6 29. Bc6 Rxd3 30. Rxd3 Be7 31. Bd7 Bh4 32. Rd2 Bxf2+ 33. Kf1 Be3 34. bxa5 Qb7 35. Qc6 Qxc6 36. Bxc6 Bxd2 37. Ke2 Bc1 38. Nd6 Ba6+ 39. Kd1 Ba3 40. Nb5 Bc5 41. g5 Bb7 42. Bxb7 Rxb7 43. a6 Rd7+ 44. Kc2 e4 45. c4 e3 46. Nc3 Ra7 47. Ne4 Bd4 48. Kd3 Rxa6 0-1